000 00469nam a2200169Ia 4500
008 240729s9999 xx 000 0 und d
022 _a2197-7364
245 0 _aEJNMMI Physics
260 _aUnited Kingdom
260 _bSpringerOpen
650 _a Medical physics. Medical radiology. Nuclear medicine
650 _a Medicine (General)
650 _aMedicine
856 _uhttps://doaj.org/toc/b5b47ea4785441c4a7319567ef5e0636
942 _2ddc
942 _cDOAJEJ
999 _c74161
_d74161
945 _a1
_bMadushi Gamage
_c1
_dMadushi Gamage